000 00510nam a2200121Ia 4500
008 171212s9999 xx 000 0 und d
020 _a9781921934216
245 _ceditor Gavan Breen,
_aInnamincka Words
_bYandruwandha dictionary and stories
260 _bANU E Press
_c2015
650 _aInnamincka language -- Dictionaries; Yandruwandha (Australian people) -- Languages -- Texts; Queensland -- Languages; South Australia -- Languages
650 _aLinguistics
856 _uhttp://jstor.org/stable/j.ctt1bgzbh0
999 _c351167
_d351167